000 00296nam a22001337a 4500
008 170331b xxu||||| |||| 00| 0 eng d
020 _a0961820926
041 _aeng
080 _a616-053.2
100 _a8
101 _aSHM
245 _aASSESSMENT OF CHILDREN
_cSATTLER, J.M
942 _2udc
_cBK
999 _c9235
_d9235